| 000 | 00657nam a2200217Ii 4500 | ||
|---|---|---|---|
| 003 | JO-AjNU | ||
| 008 | 230606s9999||||xx |||||||||||||| ||und|| | ||
| 020 | _a0-13-322356-6 | ||
| 040 |
_aJO-AjNU _beng _erda _cJO-AjNU |
||
| 041 | _aeng | ||
| 050 | 1 | 4 | _aHF5679.B59 1995 |
| 100 | 3 |
_aBodnar,George H / Hopwood,William S, _eauthor _93177 |
|
| 245 | 0 | 0 | _aAccounting Information Systems |
| 250 | _a6th ed | ||
| 264 | 3 | 1 | _aLondon: Prentice-Hall Englewood Cliffs,1995 |
| 300 |
_a684p _b Includes indexes(p678-684) |
||
| 336 |
_atext _btxt _2rdacontent |
||
| 337 |
_aunmediated _bn _2rdamedia |
||
| 338 |
_avolume _bnc _2rdacarrier |
||
| 650 | 4 |
_aAccounting _93178 |
|
| 999 |
_aE1664 _c1664 _d1664 |
||